| 000 -LEADER |
| fixed length control field |
03134cam a22004574i 4500 |
| 001 - CONTROL NUMBER |
| control field |
13982325 |
| 003 - CONTROL NUMBER IDENTIFIER |
| control field |
NUST |
| 005 - DATE AND TIME OF LATEST TRANSACTION |
| control field |
20180117090030.0 |
| 008 - FIXED-LENGTH DATA ELEMENTS--GENERAL INFORMATION |
| fixed length control field |
050525s2006 enk b 001 0 eng |
| 010 ## - LIBRARY OF CONGRESS CONTROL NUMBER |
| LC control number |
2005014221 |
| 020 ## - INTERNATIONAL STANDARD BOOK NUMBER |
| International Standard Book Number |
9780415376068 (hbk) |
| 020 ## - INTERNATIONAL STANDARD BOOK NUMBER |
| International Standard Book Number |
9780415376075 (pbk) |
| 020 ## - INTERNATIONAL STANDARD BOOK NUMBER |
| International Standard Book Number |
0415376068 (hardback) |
| 020 ## - INTERNATIONAL STANDARD BOOK NUMBER |
| International Standard Book Number |
0415376076 (pbk.) |
| 040 ## - CATALOGING SOURCE |
| Original cataloging agency |
DLC |
| Language of cataloging |
eng |
| Description conventions |
rda |
| Transcribing agency |
DLC |
| Modifying agency |
DLC |
| 042 ## - AUTHENTICATION CODE |
| Authentication code |
pcc |
| 043 ## - GEOGRAPHIC AREA CODE |
| Geographic area code |
e-uk--- |
| 050 00 - LIBRARY OF CONGRESS CALL NUMBER |
| Classification number |
LB1027.5 |
| Item number |
.P68 2006 |
| 082 00 - DEWEY DECIMAL CLASSIFICATION NUMBER |
| Classification number |
361/.06/0683 |
| Edition number |
22 |
| 245 00 - TITLE STATEMENT |
| Title |
Providing support & supervision : |
| Remainder of title |
an introduction for professionals working with young people / |
| Statement of responsibility, etc. |
[edited by] Hazel L. Reid & Jane Westergaard. |
| 246 3# - VARYING FORM OF TITLE |
| Title proper/short title |
Providing support and supervision |
| 264 #1 - PRODUCTION, PUBLICATION, DISTRIBUTION, MANUFACTURE, AND COPYRIGHT NOTICE |
| Place of production, publication, distribution, manufacture |
London ; |
| -- |
New York : |
| Name of producer, publisher, distributor, manufacturer |
Routledge, |
| Date of production, publication, distribution, manufacture, or copyright notice |
2006. |
| 300 ## - PHYSICAL DESCRIPTION |
| Extent |
xi, 185 pages ; |
| Dimensions |
24 cm |
| 336 ## - CONTENT TYPE |
| Content type term |
text |
| Content type code |
txt |
| Source |
rdacontent |
| 337 ## - MEDIA TYPE |
| Media type term |
unmediated |
| Media type code |
n |
| Source |
rdamedia |
| 338 ## - CARRIER TYPE |
| Carrier type term |
volume |
| Carrier type code |
nc |
| Source |
rdacarrier |
| 504 ## - BIBLIOGRAPHY, ETC. NOTE |
| Bibliography, etc. note |
Includes bibliographical references and index. |
| 505 0# - FORMATTED CONTENTS NOTE |
| Formatted contents note |
Introduction / Hazel L. Reid and Jane Westergaard -- What is support and supervision? / Hazel L. Reid -- Beyond reason and anxiety : how psychoanalytical ideas can inform the practice of supervision / Helen Reynolds -- Outcome focused supervision / David Bucknell -- Getting the most from support and supervision : attitudes and skills for supervisors and supervisees in an intergrative approach to supervision / Jane Westergaard -- Multicultural issues in support and supervision / Jenny Bimrose -- The intensive support worker : bringing a range of difficult issues to supervision / Miche Tetley -- Developing a meaningful relationship : a conversation about supervision from the supervisor's perspective / Stephen Harrison and Jane Westergaard -- The organizational perspective : considering issues of providing support and supervision to practitioners working with young people / Ros Garrod-Mason and Jane Westergaard -- Support and supervision : a lifelong learning process / Mary McMahon -- Evaluation in supervision across a continuum of practice / Andrew Edwards -- Support work with children : ethical dilemmas, confidentiality and the law / Debbie Daniels --A cautionary note on support and supervision / Hazel L. Reid. |
| 650 #0 - SUBJECT ADDED ENTRY--TOPICAL TERM |
| Topical term or geographic name entry element |
Counselors |
| General subdivision |
Supervision of |
| Geographic subdivision |
Great Britain. |
| 9 (RLIN) |
4365 |
| 650 #0 - SUBJECT ADDED ENTRY--TOPICAL TERM |
| Topical term or geographic name entry element |
Educational counseling |
| Geographic subdivision |
Great Britain. |
| 9 (RLIN) |
4366 |
| 650 #0 - SUBJECT ADDED ENTRY--TOPICAL TERM |
| Topical term or geographic name entry element |
Youth |
| General subdivision |
Counseling of |
| Geographic subdivision |
Great Britain. |
| 9 (RLIN) |
4367 |
| 650 #0 - SUBJECT ADDED ENTRY--TOPICAL TERM |
| Topical term or geographic name entry element |
Career education |
| Geographic subdivision |
Great Britain. |
| 9 (RLIN) |
4046 |
| 700 1# - ADDED ENTRY--PERSONAL NAME |
| Personal name |
Reid, Hazel L., |
| Dates associated with a name |
1951- |
| 9 (RLIN) |
4368 |
| 700 1# - ADDED ENTRY--PERSONAL NAME |
| Personal name |
Westergaard, Jane, |
| Dates associated with a name |
1959- |
| 9 (RLIN) |
4369 |
| 856 41 - ELECTRONIC LOCATION AND ACCESS |
| Materials specified |
Table of contents only |
| Uniform Resource Identifier |
<a href="http://www.loc.gov/catdir/toc/ecip0513/2005014221.html">http://www.loc.gov/catdir/toc/ecip0513/2005014221.html</a> |
| 856 42 - ELECTRONIC LOCATION AND ACCESS |
| Materials specified |
Publisher description |
| Uniform Resource Identifier |
<a href="http://www.loc.gov/catdir/enhancements/fy0703/2005014221-d.html">http://www.loc.gov/catdir/enhancements/fy0703/2005014221-d.html</a> |
| 906 ## - LOCAL DATA ELEMENT F, LDF (RLIN) |
| a |
7 |
| b |
cbc |
| c |
orignew |
| d |
1 |
| e |
ecip |
| f |
20 |
| g |
y-gencatlg |
| 942 ## - ADDED ENTRY ELEMENTS (KOHA) |
| Source of classification or shelving scheme |
|
| Koha item type |
Book |